| 000 | 00921nam a22002537a 4500 | ||
|---|---|---|---|
| 003 | BR-ViAPE | ||
| 005 | 20260513123252.0 | ||
| 008 | 260513s2008 porabcogs|||| 001 0 por d | ||
| 020 | _q978-85-98928-04-3 | ||
| 040 | _cBR-ViAPE | ||
| 100 | _aOliveira, José Teixeira de | ||
| 245 | _aHistória do Espírito Santo | ||
| 250 | _a3. ed. | ||
| 260 |
_aVitória _bArquivo Público do Estado do Espírito Santo _c2008 |
||
| 300 |
_a670 p. _bil. |
||
| 300 | _bLivro disponível em PDF | ||
| 490 |
_aColeção Canaã _vv. 8 |
||
| 500 | _aObra disponibilizada em PDF por integrar a Coleção Canaã do APEES. | ||
| 650 |
_aHistória _xCapitania _xProvíncia _zEspírito Santo (Brasil) |
||
| 651 | _aEspírito Santo (Brasil) | ||
| 710 | _aArquivo Público do Estado do Espírito Santo | ||
| 856 |
_uhttps://ape.es.gov.br/Media/ape/PDF/Livros/Livro_Historia_ES.pdf _yCLIQUE AQUI PARA ACESSAR O DOCUMENTO |
||
| 942 |
_2ddc _cBK _n1 |
||
| 999 |
_c653 _d653 |
||